<The> Nature of Sustainability and of Sustainable Development

Gespeichert in:
Bibliographische Detailangaben
1. Verfasser: Tisdell, Clem
Format: Buch
Sprache:Englisch
Veröffentlicht: Brisbane University of Qeensland 1990
Ausgabe:1. ed.
Schriftenreihe:Discussion Paper No.48
Tags: Tag hinzufügen
Keine Tags, Fügen Sie das erste Tag hinzu!

MARC

LEADER 00000nam a2200000 4500
001 c028562
005 20250512105109.5
041 0 |a eng 
044 |a AU 
245 1 0 |a <The> Nature of Sustainability and of Sustainable Development  |c Clem Tisdell 
250 |a 1. ed. 
264 1 |a Brisbane  |b University of Qeensland  |c 1990 
300 |a 15 s. 
490 1 |a Discussion Paper  |v No.48 
830 0 |a Discussion Paper  |v No.48 
100 1 |a Tisdell, Clem